[Event "SUI-ch op 122nd"]
[Site "Leukerbad"]
[Date "2023.07.15"]
[Round "1"]
[White "Roshardt, Fabian"]
[Black "Joie, Sebastien"]
[Result "0-1"]
[WhiteElo "2031"]
[BlackElo "2379"]
[PlyCount "172"]
[EventDate "2023.07.07"]
[EventType "swiss"]
[EventRounds "9"]
[EventCountry "SUI"]
[SourceTitle "EXT 2024"]
[Source "ChessBase"]
[SourceDate "2023.10.10"]
[SourceVersion "1"]
[SourceVersionDate "2023.10.10"]
[SourceQuality "1"]

1. e4 c5 2. d4 cxd4 3. c3 e5 4. Bc4 Nc6 5. Nf3 Nf6 6. Ng5 d5 7. exd5 Nxd5 8. Nxf7 Kxf7 9. Qf3+ Ke6 10. 0-0 Be7 11. Rd1 Rf8 12. Qe2 Na5 13. Bd3 Nc6 14. Bc4 b5 15. Bb3 Bb7 16. cxd4 Na5 17. Bc2 Qb6 18. Nc3 Nxc3 19. bxc3 e4 20. d5+ Kd7 21. Be3 Qa6 22. Bxe4 Nc4 23. Qg4+ Kd8 24. Bd4 Qd6 25. Bf3 g6 26. Rab1 a6 27. a4 Bc8 28. Qg3 Bf5 29. Ra1 Kd7 30. Re1 Qxg3 31. hxg3 Bd6 32. g4 Bc2 33. axb5 axb5 34. Rac1 Ba4 35. g5 Rxf3 36. gxf3 Bf4 37. Be3 Nxe3 38. fxe3 Bxg5 39. f4 Be7 40. Kg2 Rf8 41. Kg3 Bd6 42. c4 bxc4 43. Rxc4 Bb3 44. Rd4 Bc5 45. Re4 Kd6 46. Re5 Rf5 47. Rxf5 gxf5 48. e4 fxe4 49. Rxe4 Bxd5 50. Re2 Bf7 51. Kg4 Kd7 52. Rh2 Bg8 53. Re2 Be7 54. f5 Bb3 55. Re6 Bd1+ 56. Kg3 h5 57. Rh6 Bb4 58. Rh7+ Ke8 59. Kh4 Be7+ 60. Kg3 Bg5 61. Rg7 Bf6 62. Rh7 Kf8 63. Rh6 Kg7 64. Rg6+ Kf7 65. Rh6 Be5+ 66. Kh4 Bg7 67. Ra6 Bf6+ 68. Kg3 Bg5 69. Rg6 Bf6 70. Rh6 Be2 71. Kh3 Bg4+ 72. Kg3 Bg7 73. Rg6 Be5+ 74. Kh4 Bf6+ 75. Kg3 Bxf5 76. Rh6 Bg4 77. Rh7+ Bg7 78. Rxh5 Bxh5 79. Kf4 Kf6 80. Ke4 Ke6 81. Kf4 Be5+ 82. Ke4 Bg4 83. Kd3 Kd5 84. Ke3 Bh5 85. Kd3 Bd4 86. Kc2 Kc4 0-1